Wildlife fencing design guide (Record no. 105560)
[ view plain ]
| 000 -LEADER | |
|---|---|
| fixed length control field | 00840cam a2200253 4500 |
| 001 - CONTROL NUMBER | |
| control field | ##L134141 |
| 008 - FIXED-LENGTH DATA ELEMENTS--GENERAL INFORMATION | |
| fixed length control field | 060713n2006 000 0 eng u |
| 020 ## - INTERNATIONAL STANDARD BOOK NUMBER | |
| International Standard Book Number | 0860176460 |
| 035 ## - SYSTEM CONTROL NUMBER | |
| System control number | (Sirsi) u134141 |
| 050 04 - LIBRARY OF CONGRESS CALL NUMBER | |
| Classification number | 631.2 $2 18 |
| 100 1# - MAIN ENTRY--PERSONAL NAME | |
| Personal name | Pepper, Harry W |
| 245 00 - TITLE STATEMENT | |
| Title | Wildlife fencing design guide |
| 260 ## - PUBLICATION, DISTRIBUTION, ETC. | |
| Place of publication, distribution, etc. | London |
| Name of publisher, distributor, etc. | CIRIA |
| Date of publication, distribution, etc. | 2006 |
| 300 ## - PHYSICAL DESCRIPTION | |
| Extent | 60p. |
| Other physical details | ill. |
| Dimensions | 30cm. |
| 350 ## - PRICE (NR) (BK AM CF MU VM SE) [OBSOLETE] | |
| Price | 80.00 |
| 490 #0 - SERIES STATEMENT | |
| Series statement | CIRIA |
| Volume/sequential designation | C646 |
| 520 ## - SUMMARY, ETC. | |
| Summary, etc. | Offers guidance on the design of fencing for the control of wildlife. Includes detailed information on the types of fencing required to control different species, and advises on fencing along roads. |
| 590 ## - LOCAL NOTE (RLIN) | |
| Local note | IKA230806 |
| 651 #4 - SUBJECT ADDED ENTRY--GEOGRAPHIC NAME | |
| Geographic name | United Kingdom |
| Chronological subdivision | |
| 690 ## - LOCAL SUBJECT ADDED ENTRY--TOPICAL TERM (OCLC, RLIN) | |
| Topical term or geographic name as entry element | PROPERTY-RURAL AND NATURAL ASSETS-AGRICULTURAL PROPERTY |
| 700 1# - ADDED ENTRY--PERSONAL NAME | |
| Personal name | Holland, Mark |
| 700 1# - ADDED ENTRY--PERSONAL NAME | |
| Personal name | Trout, Roger |
| 942 ## - ADDED ENTRY ELEMENTS (KOHA) | |
| Suppress in OPAC | 0 |
| Withdrawn status | Lost status | Source of classification or shelving scheme | Damaged status | Not for loan | Home library | Current library | Shelving location | Date acquired | Total Checkouts | Full call number | Barcode | Date last seen | Copy number | Price effective from | Koha item type |
|---|---|---|---|---|---|---|---|---|---|---|---|---|---|---|---|
| Dewey Decimal Classification | London | London | Folio | 23/08/2006 | F631.2 PEP | 30073107 | 06/08/2019 | 1 | 06/08/2019 | Book |